| 000 | 00641nam a2200217Ia 4500 | ||
|---|---|---|---|
| 003 | OSt | ||
| 005 | 20251105125554.0 | ||
| 008 | 210210b2008 xxu||||| |||| 00| 0 eng d | ||
| 020 | _a8177132350 | ||
| 040 | _cAL | ||
| 041 | _aKannada | ||
| 082 | _a305.895487K KANS | ||
| 100 |
_aKANNADA PUSTAKA PRADHIKARA _dಕನ್ನಡ ಪುಸ್ತಕ ಪ್ರಾಧಿಕಾರ _9244137 |
||
| 245 |
_aShillekyata _bಶಿಳ್ಳೆಕ್ಯಾತ |
||
| 260 |
_aBengaluru _bKannada Pustaka Pradhikara _c2008 |
||
| 300 | _axxx,234 | ||
| 650 |
_aShillekyata _9244138 |
||
| 690 |
_aSocial Groups _9244139 |
||
| 906 | _a064398 | ||
| 942 |
_2ddc _cBK |
||
| 999 |
_c116395 _d116395 |
||